000 02045nam a22002897a 4500
003 DO-SdBNP
005 20220906084446.0
008 171115b 2000|| |||| 00| 0 spa d
020 _a9789701030844
040 _aBPMSU
_bspa
_cBPMSU
082 _a658.1145
_b B555f
_222
100 1 _aBesley, Scott
245 1 0 _aFundamentos de administración financiera /
_c Scott Besley, Eugene F. Brigham ; traducción Jaime Gómez Mont.
250 _a12a ed.
260 _aMéxico :
_bMcGraw-Hill,
_c2000
300 _axxvi, 919 p. :
_bdiagr. ;
_c26 cm.
500 _3Incluye índice.
505 0 _aINTRODUCCIÓN A LA ADMINISTRACIÓN FINANCIERA -Introducción a la administración financiera CONCEPTOS BÁSICOS DE ADMINISTRACIÓN FINANCIERA -Análisis de estados financieros -Los mercados financieros y la banca de inversión -Valor del dinero en el tiempo VALUACIÓN DE ACTIVOS FINANCIEROS -El costo del dinero (tasas de interés) -Bonos (deuda) : características y valuación -Acciones (capital) : características y valuación -Riesgo y tasas de rendimiento VALUACIÓN DE ACTIVOS REALES (ELABORACIÓN DEL PRESUPUESTO DE CAPITAL) -Técnicas de elaboración del presupuesto de capital -Fijos de efectivo y riesgo de los proyectos COSTO DE CAPITAL, APALANCAMIENTO Y POLÍTICA DE DIVIDENDOS -El costo de capital -Estructura de capital -Política de dividendos ADMINISTRACIÓN DEL CAPITAL DE TRABAJO -Política del capital de trabajo -Administración de los activos a corto plazo -Administración de los pasivos (financiamiento) a corto plazo PLANEACIÓN ESTRATÉGICA Y DECISIONES DE FINANCIAMIENTO -Planeación y control financieros -Acuerdos de financiamiento alternativos y re-estructuración corporativa
534 _aTítulo original.
_tEssentials of managerial finance.
590 _6intenvatariado, 2022/VM
650 4 _aAdministración financiera.
700 1 _aBrigham, Eugene F.
_d1930-
700 1 _aGómez Mont Araiza, Jaime,
_etr.
942 _2ddc
_cBK
945 _ainventariado extranjero / DG
956 _aBTAVAREZ
_b10
_c20171115
_d0038
999 _c12881
_d12881